000 01254nam a22002411a 4500
001 18032
003 OSt
005 20260204212346.0
008 170222s2015||||dr ||||||b||||||||||spa||
090 _aEDU-OR 2015 R67
100 1 _aRosario Rojas, Milagros Altagracia
_esustentante
245 1 _aParticipación familiar en la resolución de conflictos en el liceo Francisco Henríquez y Carvajal, en la tanda matutina del Distrito Educativo 16-01 de Cotuí, en el año escolar 2014-2015 / Milagros Altagracia Rosario Rojas, Alexandra Otáñez Gálvez y Lucia Iliana Pérez. ; asesor Fior D'Aliza Báez.
260 _aCotuí, República Dominicana :
_bUTECO,
_c2015
300 _a 69 hojas :
_bIlustraciones ;
_c28cm.
502 _aTrabajo de grado (Licenciatura en Educación, Mención Orientación Escolar)--Universidad Tecnológica del Cibao Oriental, 2015
504 _aIncluye referencia bibliográfica e índice
650 4 _aParticipación familiar en la resolución de conflictos
700 1 _a Otáñez Gálvez, Alexandra
_esustetante
700 1 _a Iliana Pérez, Lucia
_esustentante
700 1 _aAliza Báez, Fior D'
_easesor
830 _aTesis y disertaciones académicas (Universidad Tecnológica del Cibao Oriental)
942 _2LC
_cTH
999 _c18032
_d18032